Плотнометрический альбедный метод контроля покрытий моноэнергетическими электронами; Контроль толщины покрытий и его метрологическое обеспечение

Podrobná bibliografie
Parent link:Контроль толщины покрытий и его метрологическое обеспечение.— 1979.— С. 164-165
Hlavní autor: Сорокин В. Б. Владимир Борисович
Jazyk:ruština
Vydáno: 1979
Témata:
Médium: Kapitola
KOHA link:https://koha.lib.tpu.ru/cgi-bin/koha/opac-detail.pl?biblionumber=297604

MARC

LEADER 00000naa2a2200000 4500
001 297604
005 20260122092128.0
035 |a (RuTPU)RU\TPU\book\322737 
035 |a RU\TPU\book\321983 
090 |a 297604 
100 |a 20150609d1979 k y0rusy50 ca 
101 0 |a rus 
102 |a RU 
200 1 |a Плотнометрический альбедный метод контроля покрытий моноэнергетическими электронами  |f В. Б. Сорокин 
463 0 |0 (RuTPU)RU\TPU\book\320913  |t Контроль толщины покрытий и его метрологическое обеспечение  |o тезисы докладов III Всесоюзного научно-технического совещания, Рига, апрель 1979 г.  |f Академия наук Латвийской ССР (АН ЛатССР), Физико-энергетический институт (ФЭИ) ; СССР, Государственный комитет стандартов (Госстандарт)  |v С. 164-165  |d 1979 
610 1 |a труды учёных ТПУ 
610 1 |a контроль 
610 1 |a толщина 
610 1 |a покрытия 
610 1 |a моноэнергетические электроны 
675 |a 620.179.15  |v 4 
700 1 |a Сорокин  |b В. Б.  |c физик  |c старший научный сотрудник Томского политехнического университета  |f 1946-  |g Владимир Борисович  |3 (RuTPU)RU\TPU\pers\28148 
801 1 |a RU  |b 63413507  |c 20150603 
801 2 |a RU  |b 63413507  |c 20150609  |g RCR 
942 |c BK